000 00484nam a2200181Ia 4500
008 090630s9999 xx 000 0 und d
082 _b16765
100 _aपै शिरीष.
245 _aकोलाज.
_cपै शिरीष.
260 _bमेहता.
300 _a0
600 _aपै शिरीष.
630 _aकोलाज.
655 _aलघुकथा.
700 _aपै शिरीष.
730 _aकोलाज.
942 _cBOOK
999 _c268621
_d268621